000 00958nam0a22002291 4500
001 rc\2746495
005 20260408001827.0
035 _a(NLR Aleph) 006873551
090 _a6973065
_c6973065
100 _a20110915d1939 |||y0rusy50 ca
101 0 _arus
102 _aRU
105 _aa z |||||
200 1 _aКонный культиватор КК-8
_eРуководство по сборке, уходу и применению
_fЗ-д с.-х. машиностроения г. Херсон
210 _aМосква
_aЛенинград
_cГос. контора справочников и каталогов
_d1939
_eМосква
215 _a8 с., без обл.
_cил., черт.
_d22 см.
712 0 2 _aЗавод сельскохозяйственного машиностроения
_cХерсон
_3RU\NLR\AUTH\8810166139
_9828259
801 0 _aRU
_bNLR
_gpsbo
801 1 _aRU
_bELAR
_2rusmarc
852 _aNLR
_j39-11/494
942 _cBOOK
980 _aNB